[Event "FIDE-Wch"]
[Site "San Luis"]
[Date "2005.09.29"]
[Round "2"]
[White "Topalov, Veselin"]
[Black "Anand, Viswanathan"]
[Result "1/2-1/2"]
[WhiteElo "2788"]
[BlackElo "2788"]
[Annotator "Finkel,A"]
[PlyCount "194"]
[EventDate "2005.09.28"]
[EventType "tourn"]
[EventRounds "14"]
[EventCountry "ARG"]
[EventCategory "20"]
[SourceTitle "CBM 110"]
[Source "ChessBase"]
[SourceDate "2006.01.31"]
[SourceVersion "1"]
[SourceVersionDate "2006.01.31"]
[SourceQuality "1"]

1. d4 Nf6 2. c4 e6 3. Nf3 b6 4. g3 Ba6 5. b3 Bb4+ 6. Bd2 Be7 7. Bg2 (7. Nc3 c6
8. e4 d5 9. Qc2 dxe4 10. Nxe4 Bb7 11. Nfg5 c5 12. d5 exd5 13. cxd5 h6 $13 {
Topalov-Anand, Sofia 2005}) 7... c6 8. Bc3 d5 9. Ne5 Nfd7 10. Nxd7 Nxd7 11. Nd2
O-O 12. O-O Rc8 13. e4 c5 ({Another popular continuation is 13...b5, but in
the latest game played with this move Black didn't manage to equalize and
suffered a defeat, so Vishy chooses more solid approach.} 13... b5 14. Re1 dxe4
15. Bxe4 bxc4 16. bxc4 (16. Nxc4 Nb6 17. Nxb6 axb6 18. Qc2 h6 19. a4 Qc7 20.
Red1 Rfd8 21. Rac1 Qa7 $11 {Anand,V-Adams,M/Linares 2005}) 16... c5 (16... Nb6
$5 17. c5 Nd5 18. Qc2 h6 19. Bg2 Rb8 20. Nf3 Bf6 21. Bd2 Rb7 $11 {Pelletier,
Y-Gelfand,B/Biel 2005}) 17. d5 exd5 18. Bxd5 Nb6 19. Ba5 Bf6 20. Rb1 Rb8 21.
Qf3 Qd7 22. Bxb6 axb6 23. Ne4 $14 {Bacrot,E-Adams,M/Dortmund 2005}) 14. exd5
exd5 15. dxc5 dxc4 16. c6 cxb3 17. Re1 b2 $1 {This move is considered to be
the safest path.} 18. Bxb2 Nc5 19. Nc4 Bxc4 {Once again Vishy opts for the
most solid move, even though Black managed to hold also after 19...Bf6 and 19..
.Nd3!?:} (19... Bf6 20. Bxf6 Qxf6 21. Ne5 Rfd8 22. Nd7 $6 Qf5 23. Re5 Qxe5 24.
Nxe5 Rxd1+ 25. Rxd1 Kf8 $11 {Epishin,V-Bagaturov,G/Cappelle la Grande 1997}) (
19... Nd3 $5 20. Rxe7 Bxc4 21. Rd7 Nxb2 22. Rxd8 Nxd1 23. Rxc8 Rxc8 24. Rxd1
Kf8 $11 {Maki Uuro,M-Agopov,M/Helsinki 2002}) 20. Qg4 Bg5 ({Of course Black
isn't ready to suffer after} 20... Bf6 $6 21. Bxf6 Qxf6 22. Qxc4 $16) 21. Qxc4
Nd3 22. Ba3 {Another possible continuation is} (22. Be5 {but just a move in
the game it's hardly dangerous for black.} Nxe1 23. Rxe1 Bf6 24. Bxf6 Qxf6 25.
c7 Qd6 26. Rc1 b5 27. Qc2 g6 28. Bb7 b4 29. Qc5 Qxc5 30. Rxc5 Rfe8 31. Kf1 Kf8
$11 {Bacrot,E-Lutz,C/Gothenburg 2005}) 22... Nxe1 23. Rxe1 Re8 {The opponents
played a long theoretical line which is considered harmless for Black. White
has a good compensation for exchange, but that's about it. In other words draw
is the most likely result in this line.} 24. Rxe8+ (24. Be4 $6 g6 25. h4 $6 Bf6
26. Re3 Qd4 27. Qc2 b5 28. Bc5 Qc4 $17 {Sammalvuo,T-Veingold,A/Finland 1997})
24... Qxe8 25. Bd5 h5 {Taking square g4 under control in order to neutralize
White's pressure on g7.} (25... Be7) 26. Kg2 Be7 27. Bb2 Bf6 28. Bc1 $1 {
Even disrupting Black's pawn structure is not a fair price for the bishop
exchange. Thanks to the bishop's pair White can keep pressure on Black's
position.} Qe7 29. Be3 ({In my opinion it was better to force Black to play g5
since after a move in the game the position remains balanced.} 29. Bf4 $1 g5 (
29... Qc5 $2 30. Bxf7+ Kf8 31. Qe6 $18) 30. Be3) 29... Rc7 30. h4 Be5 31. Qd3
Bd6 32. Bg5 Qe8 33. Qf3 b5 $1 {White can't capture on h5 if he's got some
aggressive intentions, so it's just about a time to bring the pawn to b4.} 34.
Be3 (34. Qxh5 Rxc6 35. Bxc6 Qxc6+ 36. Qf3 Qxf3+ 37. Kxf3 a5 38. Ke4 b4 39. Kd5
Bf8 $11) 34... Qe5 35. Qd1 Qe8 36. Qxh5 Rxc6 37. Bxa7 $5 {Topalov isn't ready
to call it a day yet! After} (37. Bxc6 Qxc6+ 38. Qf3 Qxf3+ 39. Kxf3 a5 40. Ke4
b4 41. Kd5 Be7 42. Bc5 Bd8 {the position should be drawish.}) 37... Ra6 38. Bd4
Bf8 39. Be5 b4 40. Qf5 {White keeps some initiative going, but with a couple
of accurate moves Anand shows that it's not more than illusion.} g6 $1 41. Qf4
Qe7 $1 (41... Bg7 42. Bxg7 Kxg7 43. Qxb4) 42. Bd4 Ra5 43. Qf3 Bg7 44. Bb6 Rb5
$6 {It was much safer to put a rook on a6 to keep an eye on g6 just in case.} (
44... Ra6) 45. Be3 Bc3 $6 46. Bg5 Qa7 (46... Qf8) 47. Qd3 $1 $14 {Diagram [#]}
Rb6 (47... Qa6 $2 48. Bd8 $1 $18 {Followed by Kh2 and Bc4 winning a rook.}) 48.
Be3 Qa6 $6 {I think Anand overlooked White's 52nd move, otherwise he would've
chosen 48...Qb8 with reasonable chances to survive, even though things are not
that simple as it may look like.} (48... Bg7 $6 49. Qxg6 $1 $16) (48... Qb8 49.
Bxb6 Qxb6 50. a4 $1 Bf6 51. Bb3 $14) 49. Bxf7+ $1 Kxf7 50. Qd7+ Kf8 (50... Kf6
51. Qd8+ Kf5 52. Bxb6 Qxa2 53. g4+ Ke5 54. Bc7+ Ke4 55. Qe8+ $18) 51. Qd8+ Kf7
52. Qc7+ $1 $18 {Winning a pawn on g6 and getting an easily winning endgame.} (
52. Qxb6 Qxa2 $11) 52... Kg8 53. Qxb6 Qxa2 54. Qxg6+ Kh8 (54... Kf8 55. Bc5#)
55. Qc6 $1 Qf7 56. g4 Bg7 57. h5 ({Another winning line is} 57. g5 b3 58. g6
Qg8 59. h5 b2 60. Qb7 Qe6 61. Bf4 Qf5 62. Bd6 Qg5+ 63. Bg3 Qf5 64. h6 Qxg6 65.
hxg7+ Qxg7 66. Qxg7+ Kxg7 67. Be5+ $18) 57... b3 58. Qe4 b2 59. h6 Bf6 {
Diagram [#]} 60. Bd4 $6 {An inaccuracy after which a win isn't that simple.} (
60. g5 $1 Qe7 61. Qxe7 Bxe7 62. Bd4+ Kh7 63. Bxb2 Bxg5 64. Bg7 $18) 60... Kg8
61. Bxf6 $2 {After a move in the game the position is drawish, so Topalov had
to play} (61. Bxb2 $5 Bxb2 62. g5 Kh8 63. f4 $18) 61... Qxf6 62. Kg3 Qb6 $1 63.
Qc4+ (63. g5 $2 Qb8+ $1 $19) 63... Kh7 64. g5 Qg6 $11 65. Qc7+ Kg8 66. Qb8+ Kf7
$1 (66... Kh7 $2 67. Qb7+ Kg8 68. h7+ Qxh7 69. Qxb2 $18) 67. Qb7+ Kf8 68. Qb8+
Kf7 69. Qb3+ Kf8 70. Qf3+ Ke7 71. Qe3+ Kd7 72. Qd4+ Ke6 (72... Qd6+ 73. Qxd6+
Kxd6 74. h7 b1=Q 75. h8=Q Qg1+ 76. Kf3 Qd1+ $11) 73. Qxb2 Qxg5+ 74. Kf3 Qh5+
75. Ke4 Qf5+ $2 {After the move in the game white is winning...again!} (75...
Qg6+ $11) 76. Ke3 Qg5+ 77. f4 $18 Qg3+ 78. Ke4 Qe1+ 79. Kf3 Qf1+ 80. Kg3 Qg1+
81. Qg2 Qb1 82. Qc6+ Kf7 83. Qd7+ Kf6 84. Qg7+ Ke6 85. Qe5+ (85. f5+ $1 Kd5 (
85... Qxf5 86. h7 Qd3+ 87. Kh4 $18) 86. Kg4 $18) 85... Kf7 86. Qh5+ Kf6 87.
Qg5+ Kf7 88. Qh5+ Kf6 89. Qh4+ Kf7 90. h7 $2 {The last mistake! A well-known
principle of queen endgames says that the party who has some extra material
should keep the queen closer to the center. This approach offers a chance to
avoid the perpetual, whereas at the edge of the board the queen can't help the
king...See the rest of the game!} Qe1+ 91. Kg4 Qd1+ 92. Kg5 Qd8+ 93. Kh5 Qd5+
94. Qg5 Qh1+ 95. Qh4 Qd5+ 96. Kg4 Qd1+ 97. Kg3 Qe1+ 1/2-1/2

[Event "Wch Blitz 4th"]
[Site "Moscow"]
[Date "2009.11.17"]
[Round "26"]
[White "Anand, Viswanathan"]
[Black "Kosteniuk, Alexandra"]
[Result "0-1"]
[WhiteElo "2788"]
[BlackElo "2517"]
[PlyCount "82"]
[EventDate "2009.11.16"]
[EventType "tourn (blitz)"]
[EventRounds "42"]
[EventCountry "RUS"]
[EventCategory "19"]
[SourceTitle "EXT 2010"]
[Source "ChessBase"]
[SourceDate "2010.11.25"]
[SourceVersion "1"]
[SourceVersionDate "2010.11.25"]
[SourceQuality "1"]

1. d4 Nf6 2. c4 e6 3. Nf3 d5 4. Nc3 dxc4 5. e4 Bb4 6. Bg5 c5 7. e5 cxd4 8. Qa4+
Nc6 9. O-O-O Bd7 10. Ne4 Be7 11. exf6 gxf6 12. Bh4 e5 13. Bxc4 a6 14. Qb3 Na5
15. Bxf7+ Kf8 16. Qd3 Bb5 17. Qd2 Kxf7 18. Qh6 Qc8+ 19. Kb1 Qf5 20. Rhe1 Bc6
21. Ka1 Bxe4 22. Nxd4 exd4 23. Rxd4 Rad8 24. Ra4 Nc6 25. g4 Qxg4 26. f3 Qg6 27.
Qf4 Bc2 28. Rc4 Bd3 29. Rcc1 Rhe8 30. Qc7 Ne5 31. Qxb7 Rd7 32. Qb3+ Kf8 33. Bg3
Qf7 34. Qa4 Bb5 35. Qe4 Nd3 36. Rg1 Bc5 37. Qh4 Bxg1 38. Rxg1 Ne5 39. Bf4 Ng6
40. Bh6+ Kg8 41. Qb4 Red8 0-1

[Event "chess.com Speed 1m+1spm 2017"]
[Site "chess.com INT"]
[Date "2017.05.03"]
[Round "1.26"]
[White "Nakamura, Hikaru"]
[Black "Grigoriants, Sergey"]
[Result "1-0"]
[WhiteElo "2786"]
[BlackElo "2576"]
[PlyCount "53"]
[EventDate "2017.05.03"]
[EventType "k.o. (blitz)"]
[EventRounds "4"]
[EventCountry "USA"]
[SourceTitle "CBM 178 Extra"]
[Source "ChessBase"]
[SourceDate "2017.06.22"]
[SourceVersion "1"]
[SourceVersionDate "2017.06.22"]
[SourceQuality "1"]

1. b3 c5 2. Bb2 Nc6 3. e3 Nf6 4. Nf3 g6 5. d4 d5 6. dxc5 Qa5+ 7. Nbd2 Qxc5 8.
c4 Bg7 9. Rc1 O-O 10. a3 dxc4 11. Bxc4 Qd6 12. O-O Bf5 13. b4 Rad8 14. Qb3 Ne4
15. Nxe4 Bxe4 16. Rcd1 Qc7 17. Bxf7+ Kh8 18. Bxg7+ Kxg7 19. Ng5 Bf5 20. Be6 h6
21. Bxf5 hxg5 22. Be4 Ne5 23. h3 Rd6 24. Qb2 Rdf6 25. Rd5 Nc4 26. Qc3 Rc8 27.
Rc5 1-0

[Event "London Classic Gp-C 5th"]
[Site "London"]
[Date "2013.12.12"]
[Round "3.1"]
[White "Nakamura, Hikaru"]
[Black "Gelfand, Boris"]
[Result "1/2-1/2"]
[WhiteElo "2786"]
[BlackElo "2777"]
[PlyCount "155"]
[EventDate "2013.12.11"]
[EventType "tourn (rapid)"]
[EventRounds "6"]
[EventCountry "ENG"]
[EventCategory "20"]
[SourceTitle "CBM 158"]
[Source "ChessBase"]
[SourceDate "2014.01.16"]
[SourceVersion "1"]
[SourceVersionDate "2014.01.16"]
[SourceQuality "1"]

1. b3 Nf6 2. Bb2 d5 3. e3 e6 4. Nf3 Be7 5. d4 O-O 6. Bd3 c5 7. O-O Nc6 8. a3 b6
9. Nbd2 Bb7 10. dxc5 bxc5 11. c4 a5 12. cxd5 exd5 13. Qc2 g6 14. Rad1 Nd7 15.
Nb1 Bf6 16. Nc3 Nce5 17. Be2 d4 18. Ne4 Bxe4 19. Qxe4 d3 20. Bxd3 Nxf3+ 21.
Qxf3 Bxb2 22. Bb5 Qb6 23. Bxd7 Qxb3 24. Bc6 Ra7 25. Bd5 Qxa3 26. h4 Qb4 27. h5
Qh4 28. Qe2 Bg7 29. hxg6 hxg6 30. Qc2 a4 31. Qxg6 a3 32. Ba2 c4 33. Qc6 c3 34.
Rd5 Re7 35. Qc5 Rfe8 36. Rf5 Qe4 37. Rf4 Qa8 38. Qg5 Qb8 39. Qg6 Qc7 40. Rc1
Kf8 41. Qa6 Qc5 42. Rd1 c2 43. Rc1 Rd8 44. Qe2 Rc7 45. Rxc2 Qxc2 46. Rxf7+ Ke8
47. Qb5+ Qc6 48. Qh5 Rd1+ 49. Qxd1 Rxf7 50. Bxf7+ Kxf7 51. Qb3+ Qe6 52. Qxa3
Qd5 53. Qa4 Bf6 54. g4 Qf3 55. Qd7+ Kf8 56. Qf5 Qxf5 57. gxf5 Kf7 58. f4 Bb2
59. Kg2 Kf6 60. e4 Bc1 61. Kf3 Bd2 62. Kg4 Bc1 63. e5+ Kf7 64. Kg5 Bd2 65. Kg4
Bc1 66. Kg5 Bd2 67. f6 Ke6 68. Kg6 Bxf4 69. f7 Bh6 70. Kxh6 Kxf7 71. Kg5 Ke6
72. Kf4 Ke7 73. Kf5 Kf7 74. e6+ Ke7 75. Ke5 Ke8 76. Kd6 Kd8 77. e7+ Ke8 78. Ke6
1/2-1/2

[Event "EU-chT (Men) 19th"]
[Site "Warsaw"]
[Date "2013.11.14"]
[Round "6.1"]
[White "Grischuk, Alexander"]
[Black "Lupulescu, Constantin"]
[Result "1-0"]
[WhiteElo "2785"]
[BlackElo "2630"]
[Annotator "Sumets,A"]
[PlyCount "123"]
[EventDate "2013.11.08"]
[EventType "team-swiss"]
[EventRounds "9"]
[EventCountry "POL"]
[SourceTitle "CBM 158"]
[Source "ChessBase"]
[SourceDate "2014.01.16"]
[SourceVersion "1"]
[SourceVersionDate "2014.01.16"]
[SourceQuality "1"]
[WhiteTeam "Russia"]
[BlackTeam "Romania"]
[WhiteTeamCountry "RUS"]
[BlackTeamCountry "ROU"]

1. e4 c6 2. d4 d5 3. e5 Bf5 4. Nf3 e6 5. Be2 Ne7 6. O-O c5 7. c4 Nbc6 8. dxc5
d4 {Despite the fact that 8...dxc4 hasn't been refuted, nowadays everybody
prefers 8...d4. Is it chess fashion?} (8... dxc4 9. Bxc4 Qxd1 10. Rxd1 Bg4 $6 (
10... Ng6 $5 11. Be3 a6 12. Nc3 Ngxe5 13. Nxe5 Nxe5 14. Be2 Be7 $13) 11. Nc3
Rd8 12. Rxd8+ Kxd8 13. Ng5 Nxe5 14. Bf1 (14. Bf4 $1 N7g6 15. Bxe5 Nxe5 16. Re1
Nxc4 17. Nxf7+ Ke8 18. Nxh8 Bxc5 (18... Bf5 19. h3 Bxc5 20. g4) 19. h3 Bf5 20.
g4 Bd3 21. Rxe6+ Kf8 22. Ne4 $18) 14... Nd5 15. Nxd5 exd5 16. Bf4 h6 17. Bxe5
hxg5 $11 {Svidler,P (2690)-Yermolinsky,A (2660) Madrid 1998 1/2 (23)}) 9. Qb3
Qc7 10. Na3 a6 11. Qa4 Rd8 $146 {The novelty of Romanian GMs Lupulescu and
Parligras seems to be logical compared with the brave 11...0-0-0. Black is
going to prepare short castling.} (11... O-O-O $6 {the second line of Houdini
3.0} 12. b4 Nxe5 $2 13. Nxe5 Qxe5 14. Bf3 $16 Ng6 15. g3 $2 (15. Bxb7+ $1 Kxb7
16. c6+ Kc7 17. Qxa6 Kd6 18. Qb7 $18) 15... Be4 16. Re1 Bxf3 $6 (16... Bc6 $1
17. Bxc6 Qxe1+ 18. Kg2 Be7 19. Bxb7+ (19. Rb1 $5) 19... Kxb7 20. c6+ Kb8 21.
Qxa6 Qe4+ 22. Kg1 Qe1+ 23. Kg2 Qe4+ $11) 17. Rxe5 Nxe5 18. Bf4 $16 {Shomoev,
A-Maletin,P Ch- Siberia Barnaul RUS 2011 1-0 (24)}) 12. b4 Ng6 13. Bd1 $5 (13.
b5 $6 {This looks very tempting, but unfortunately it doesn't work due to}
Ncxe5 14. bxa6+ Qc6 $1 {the point} 15. Qxc6+ bxc6 16. Nxe5 Nxe5 17. Bf4 f6 $17)
(13. Bb2 d3 (13... Nf4 $5 {could be recommended} 14. Rfe1 Bg4 15. b5 $6 (15.
Rab1 Be7 16. Nxd4 Bxe2 17. Nxe2 Nd3 18. Red1 Nxb2 19. Rxd8+ Bxd8 20. Rxb2 Qxe5
21. Qc2 O-O $44) (15. Nxd4 Nxe2+ 16. Nxe2 Rd2 17. Bc3 Rxe2 18. b5 Bxc5 $5 19.
Rxe2 Bxe2 20. bxc6 Qxc6 21. Qxc6+ bxc6 $15) 15... Nxe2+ 16. Rxe2 Bxf3 17. gxf3
Qa5 $15) 14. Bd1 Rd7 15. Re1 Bg4 16. h3 Bxf3 17. Bxf3 Be7 18. Rad1 O-O 19. Nb1
Rfd8 20. Nd2 Nd4 21. Bxd4 Rxd4 $44 {Volokitin,A-Parligras,M European Teams
Championship Warsaw POL 2013 1/2-1/2 (41)}) 13... Rd7 $1 14. Nc2 Bxc2 {This is
a forced move, otherwise Black would lose his strong d-pawn:} (14... Bd3 $6 15.
Re1 Bxc4 16. Ncxd4 Nxd4 17. Nxd4 b5 18. cxb6 Qxb6 19. Nf3 Qxb4 20. Qc2 $40) (
14... d3 15. Ncd4 Be4 16. Re1 Bxf3 17. Nxf3 Be7 18. Bb2 O-O 19. a3 $16) 15.
Bxc2 d3 16. Bd1 Be7 $1 {It looks like Black couldn't have taken on e5.} (16...
Ngxe5 $6 17. Nxe5 Nxe5 (17... Qxe5 18. Rb1 (18. b5 axb5 19. cxb5 Rd4 20. Bb2
Rxa4 21. Bxe5 Nxe5 22. Bxa4 Bxc5) 18... Be7 19. Bb2 Qg5 20. Bf3 O-O 21. Bxc6
bxc6 22. Qxc6 Rfd8 23. Qxa6 $16) 18. Bf4 g5 19. Bxe5 $1 Qxe5 20. Bf3 $40 {
Black's position is very dangerous.}) 17. Bb2 O-O {At least the black king is
on the safe flank.} 18. Rb1 Rfd8 19. Re1 Nh4 (19... d2 $5 {Interesting, but
probably it is not enough to get an equal game} 20. Re4 a5 21. a3 Rd3 22. Be2
Rxf3 23. Bxf3 Ngxe5 24. Be2 f5 25. Re3 Bg5 26. Qb3 $1 Bxe3 27. Qxe3 $16) 20.
Nxh4 Bxh4 21. Re4 Be7 22. Bc3 Nd4 23. Rb2 g6 (23... a5 $5 24. a3 $6 (24. Qxa5
$5 Qxa5 25. bxa5 Bxc5 26. Kf1) 24... axb4 25. axb4 b6 26. Bxd4 {leads to an
equal position} ({he could have tried} 26. Ra2 bxc5 27. b5 Qb7 28. Re1 Bg5 29.
Qa6 Qb8 30. g3 Bc1 $132) 26... Rxd4 27. Rxd4 Rxd4 28. cxb6 Qxb6 29. c5 Qb8 30.
g3 Qxe5 $11 {Andreikin,D (2710)-Parligras,M (2576) Warsaw POL 2013 1/2 (119)})
24. Rd2 $1 b6 25. Qxa6 bxc5 26. b5 $1 Qb8 27. b6 $5 Qb7 $2 {After trading
queens Black doesn't have any counterplay. He should have chosen between 27...
Bg5 and 27...Rb7.} ({The computer recommends} 27... Bg5 $5 28. f4 f5 29. exf6
Bxf4 30. Rxd3 Bxh2+ 31. Kh1 Nf5 32. Rxd7 Rxd7 33. Re1 Bg3 $13) (27... Rb7 28.
Rb2 Nc2 {with the idea ...Nb4} 29. Qa5 $1 Rc8 30. Bxc2 dxc2 31. Rxc2 Rxb6 $44)
28. Qxb7 Rxb7 29. Rb2 $16 Rdb8 {Now Black is two pawns down and even despite
opposite-coloured bishops Grischuk has a winning position.} (29... f6 30. a4 $1
fxe5 31. a5 Ra8 32. Re3 Bf6 33. Rxd3 e4 34. Rh3 $18) (29... f5 $5 30. exf6 Bxf6
31. Kf1 Rd6 32. Re3 Rdxb6 33. Rxb6 Rxb6 34. Rxd3 $16) 30. Bxd4 cxd4 31. Rxd4
Rxb6 32. Rxb6 Rxb6 33. Bb3 $1 (33. Rxd3 $2 Rb2 34. a4 Bc5 $11) 33... Ra6 34.
Rxd3 g5 35. g3 h5 $1 {Black tries to swap as many pawns as he can. This is the
right strategy but it can't help if White plays precisely.} 36. Kg2 Ra5 (36...
g4 $5 37. Rd7 Kf8 38. Rb7 Ra5 39. Rb8+ Kg7 40. Rb5 Rxb5 41. cxb5 {Black's
pawns are located on light squares, so White easily wins the endgame.}) 37. f4
h4 38. Kf3 hxg3 39. hxg3 gxf4 40. gxf4 Kf8 41. Ke4 Ke8 42. Rh3 Ba3 43. Rh8+ Ke7
44. Rb8 Ra7 45. f5 $1 exf5+ $8 46. Kxf5 Bc5 47. a4 Bf2 48. Bd1 $1 Bd4 (48...
Rc7 49. a5 Rxc4 50. Rb7+ Kf8 51. Bb3 $18) 49. Bf3 Kd7 (49... Rxa4 50. Bc6 $18)
50. Rb7+ Rxb7 51. Bxb7 $18 Bb6 (51... Bc3 52. Kf6 Kc7 53. Bd5 $18) 52. Kf6 Ke8
53. Bd5 Bd8+ 54. Kg7 Bc7 55. Bxf7+ Ke7 56. e6 Bb6 57. Kg6 Kd6 58. Kf5 Bc5 59.
a5 Bb4 60. a6 Bc5 61. Bh5 Bd4 62. Bg4 1-0

[Event "St Stefan/Belgrade m"]
[Site "Belgrade"]
[Date "1992.??.??"]
[Round "29"]
[White "Fischer, Robert James"]
[Black "Spassky, Boris Vasilievich"]
[Result "1/2-1/2"]
[WhiteElo "2785"]
[BlackElo "2560"]
[Annotator "Ftacnik,L"]
[PlyCount "89"]
[EventDate "1992.09.??"]
[EventType "match"]
[EventRounds "30"]
[EventCountry "YUG"]
[SourceTitle "CBM 031"]
[Source "ChessBase"]
[SourceDate "1992.12.01"]
[SourceVersion "1"]
[SourceVersionDate "1992.12.01"]
[SourceQuality "1"]

1. e4 e5 2. Nf3 Nc6 3. Bb5 a6 4. Ba4 Nf6 5. O-O Be7 6. Re1 b5 7. Bb3 d6 8. c3
O-O 9. h3 Nb8 10. d4 Nbd7 11. c4 c6 12. cxb5 axb5 13. Nc3 Bb7 14. Bg5 b4 (14...
h6 15. dxe5 dxe5 16. Bh4 Re8 17. a3 Qc7 18. Ba2 Rad8 19. Qb3 Rf8 20. Qc2 Qb8
21. Rad1 Nb6 22. Bg3 Bd6 $14 {Gufeld,E-Kholmov,R/URS-ch/1972/}) 15. Nb1 h6 (
15... c5 16. dxe5 Nxe5 17. Nbd2 Nfd7 18. Bxe7 Qxe7 19. a4 bxa3 20. bxa3 Nxf3+
21. Qxf3 Ne5 22. Qc3 Qc7 23. f4 Nc6 24. Nf3 $14 {Mecking,H-Unzicker,W/Hastings/
1971/}) (15... Ne8 16. Bxe7 Qxe7 17. Nbd2 Nc7 18. Nc4 Nb5 19. Rc1 Rfd8 20. Ne3
c5 21. dxc5 {/Geller,E-Portisch,L/Palma de Mallorca izt/1970/}) 16. Bh4 (16.
dxe5 hxg5 17. exf6 Bxf6) 16... c5 17. dxe5 Nxe4 $1 18. Bxe7 (18. e6 $2 Bxh4 19.
exd7 Bxf2+ $19) 18... Qxe7 19. exd6 Qf6 (19... Qxd6 20. Qxd6 Nxd6 21. Rd1 Ra6 (
21... c4 22. Rxd6 cxb3 23. Rxd7 Rxa2 (23... Bxf3 24. gxf3 Rxa2 25. Ra7 $1) 24.
Rxb7 Rxa1 25. Nfd2 Rd8 (25... Rc8 26. Rxb4 Rc1+ 27. Kh2 Raxb1 28. Nxb1 Rxb1 29.
Rxb3 $16) 26. Kh2 $14) 22. Nbd2 Nb6 23. Ne5 $14) 20. Nbd2 (20. Bd5 Bxd5 21.
Qxd5 Qxb2 (21... Nxd6 $5 22. Nbd2 Rfc8 $132) 22. Nbd2 $13) 20... Nxd6 21. Nc4
Nxc4 (21... Ra6 22. Nfe5) 22. Bxc4 (22. Qxd7 Bc6 23. Qe7 Nxb2 $1) 22... Nb6 (
22... Bxf3 23. Qxd7 Qg6 24. Bf1 $10) 23. Ne5 $8 (23. Be2 Qxb2 $17) 23... Rae8 (
23... Nxc4 24. Nxc4 Ba6 25. Qc2 (25. Re4 Bxc4 26. Rxc4 Qxb2 27. Rxc5 Rxa2 28.
Rxa2 Qxa2 29. Rb5 Qc4 30. Rb7 Rc8 $17) (25. Ne5 Rfd8 26. Qc2 Rd5 $17) 25...
Bxc4 26. Qxc4 Qxb2 27. Qxc5 b3 $1 28. a4 (28. Reb1 Qf6 $17) 28... Rfb8 $17) 24.
Bxf7+ $8 (24. Qh5 Rxe5 25. Rxe5 (25. Bxf7+ $2 Rxf7 26. Qxe5 Qxf2+) 25... Nxc4
26. Rxc5 Nxb2 $17) (24. Ng4 Qxb2 $17) 24... Rxf7 25. Nxf7 Rxe1+ 26. Qxe1 Kxf7 (
26... Qxf7 27. Qe5 Qg6 $140 28. Qb8+ Bc8 29. Rd1 $132) 27. Qe3 Qg5 (27... Qxb2
$2 28. Re1 $40) (27... Qg6 28. f3) 28. Qxg5 hxg5 29. b3 (29. a3 b3 $5 30. a4
Ba6 $17) 29... Ke6 (29... Bd5 30. a3 bxa3 31. Rxa3 Ke7 32. Ra7+ Kd6 33. Rxg7
Bxb3 34. Rxg5 c4 35. Kf1 c3 36. Ke2 c2 37. Kd2 $13) 30. a3 Kd6 (30... bxa3 31.
Rxa3 Kd5 32. Ra7 Kc6 33. f3 $13) 31. axb4 cxb4 32. Ra5 Nd5 (32... Bd5 $2 33.
Rb5 Kc6 34. Rxb4 $16) 33. f3 Bc8 34. Kf2 Bf5 35. Ra7 g6 (35... Bc2 36. Rxg7
Bxb3 37. Ke1 Bc2 38. Kd2 b3 39. Rxg5 $13) 36. Ra6+ Kc5 37. Ke1 Nf4 (37... Bc2
38. Kd2 Bxb3 39. Rxg6) 38. g3 Nxh3 39. Kd2 Kb5 (39... Ng1 40. Ke3 g4 (40... Bc2
$2 41. Ra1 Nh3 42. Rc1 $18) 41. fxg4 $10) 40. Rd6 Kc5 (40... Ng1 41. Ke3 Bc2
42. Rd5+ Kc6 43. Rxg5 Bxb3 44. Rxg6+ Kc5 45. Rh6 Bc2 46. Rh1) 41. Ra6 Nf2 42.
g4 Bd3 43. Re6 Kd5 (43... Bb1 44. Re1 Ba2 45. Kc2) 44. Rb6 Kc5 45. Re6 1/2-1/2